La fragmentación de la salud en Colombia y Argentina. Una comparación sociopolítica, 1880-1950
Salvato in:
| Autore principale: | |
|---|---|
| Natura: | Libro |
| Lingua: | spagnolo |
| Pubblicazione: |
Bogotá
Universidad Nacional de Colombia
2004
|
| Soggetti: | |
| Tags: |
Aggiungi Tag
Nessun Tag, puoi essere il primo ad aggiungerne!!
|
MARC
| LEADER | 00000nam a2200000 a 4500 | ||
|---|---|---|---|
| 001 | UCI2570 | ||
| 003 | CL-VaPUC | ||
| 008 | 070831e20040000CK |||||||||||||||||spa|d | ||
| 020 | |a 9587013697 | ||
| 082 | 0 | 4 | |a 613.0986 |b HER |2 21 |
| 100 | |a Hernández Álvarez, Mario |e author |9 523574 | ||
| 245 | 1 | 3 | |a La fragmentación de la salud en Colombia y Argentina. Una comparación sociopolítica, 1880-1950 |
| 300 | |a 330 p | ||
| 942 | |c BK | ||
| 945 | |d 20070831 00:00:00 |a rbrito | ||
| 260 | |a Bogotá |b Universidad Nacional de Colombia |c 2004 | ||
| 650 | 0 | |a Salud pública |9 258913 | |
| 650 | 0 | |a Seguridad social |9 255322 | |
| 650 | 0 | |a Medicina preventiva |9 271222 | |
| 650 | 0 | |a Servicios de salud |9 326442 | |
| 650 | 0 | |a Bienestar social |9 255298 | |
| 651 | 0 | |a Colombia |9 256424 | |
| 651 | 0 | |a Argentina |9 254888 | |
| 583 | |a last modification |c 20070831 00:00:00 |k Rodrigo Vera | ||
| 999 | |c 327061 |d 327059 | ||
| 952 | |0 0 |1 0 |4 0 |6 613_098600000000000_HER_2004 |7 0 |8 A |9 409468 |a BIBEDU |b BIBEDU |d 2019-11-22 |i 4368320 |o 613.0986 HER 2004 |p 4368320 |r 2019-11-22 |w 2019-11-22 |y BK |k EDU | ||